Bài tập ngôn ngữ C : Từ A đến Z
Giới thiệu một số bài tập ngôn ngữ bao gồm: lập trình căn bản, đồ hoạ máy tính, cấu trúc dữ liệu, lập trình hệ thống và phương pháp số
Spremljeno u:
| Glavni autor: | |
|---|---|
| Format: | Knjiga |
| Jezik: | Undetermined |
| Izdano: |
Hà Nội
Lao Động Xã Hội
2004
|
| Teme: | |
| Oznake: |
Dodaj oznaku
Bez oznaka, Budi prvi tko označuje ovaj zapis!
|
| Thư viện lưu trữ: | Trung tâm Học liệu Trường Đại học Cần Thơ |
|---|
| LEADER | 00955nam a2200229Ia 4500 | ||
|---|---|---|---|
| 001 | CTU_88748 | ||
| 008 | 210402s9999 xx 000 0 und d | ||
| 020 | |c 29000 | ||
| 082 | |a 005.133 | ||
| 082 | |b D513 | ||
| 100 | |a Huỳnh, Tấn Dũng | ||
| 245 | 0 | |a Bài tập ngôn ngữ C : | |
| 245 | 0 | |b Từ A đến Z | |
| 245 | 0 | |c Huỳnh Tấn Dũng, Hoàng Đức Hải | |
| 260 | |a Hà Nội | ||
| 260 | |b Lao Động Xã Hội | ||
| 260 | |c 2004 | ||
| 520 | |a Giới thiệu một số bài tập ngôn ngữ bao gồm: lập trình căn bản, đồ hoạ máy tính, cấu trúc dữ liệu, lập trình hệ thống và phương pháp số | ||
| 650 | |a C ( computer program language ) | ||
| 904 | |i M.Loan,Hải | ||
| 910 | |a Sách kèm đĩa có số AV.003212, AV.003204, AV.003081, AV.003200, AV.003208 | ||
| 980 | |a Trung tâm Học liệu Trường Đại học Cần Thơ | ||